000
00305nam a2200133Ia 4500
005
20251222155049.0
008
251222s9999||||xx |||||||||||||| ||spa||
082
_a
ETI.120
100
_a
CASSIDY Sbeila.
245
0
_a
Compartir las tinieblas
250
_a
1ra. ed.
264
_b
Salterrae
942
_c
LIB
999
_c
37225
_d
37225